000 00711nam a2200229 a 4500
001 BRCA_5538
005 20190320205125.0
008 280311s1949----sp-a######---#000-0#spa-#
041 _aspa
044 _asp
050 4 _aNA5811
_b.R85 1949
100 1 _aRuiz Pelayo, S.
_914130
245 1 0 _aUn día en El Escorial
_bguía popular del Real Monasterio de San Lorenzo
_cS. Ruiz Pelayo.
260 _aMadrid
_bB. del Amo
_c1949
300 _a127 p.
_bil.
_c18 cm.
500 _aF14
610 2 4 _aReal Monasterio de San Lorenzo (España)
_914131
651 4 _aEspaña
_vGuías de viajeros
_xDescripción y viajes
_914132
651 4 _aEl Escorial, España
_xDescripción
_914133
902 _aGFM
942 _2lcc
_cB
999 _c5232
_d5232